Memoria de cálculo y construcción de un vehículo de derrape tipo kart
El objetivo de este proyecto es de diseñar y elaborar un vehículo de derrape tipo kart para presentar a la Facultad de Tecnología de la Industria de la Universidad Nacional de Ingeniería, el cual se llevará a cabo envase a los conocimientos adquiridos a lo largo de estos años.
| Main Authors: | , , |
|---|---|
| Other Authors: | |
| Format: | Tesis Section = Libro |
| Language: | Undetermined Spanish |
| Published: |
Managua
UNI
2020
|
| Subjects: |
| LEADER | 01103nam a2200265Ia 4500 | ||
|---|---|---|---|
| 008 | 240830s9999 xx 000 0 und d | ||
| 040 | |a BIBLIOTECA-RUPAP Mon 629.225 B268 | ||
| 041 | |a spa | ||
| 082 | |a Mon 629.225 B268 | ||
| 100 | 1 | |a Barrantes Castillo, Eyner Noel | |
| 100 | 1 | |b Diaz Morales, Handlys de Jesús. | |
| 100 | 1 | |c Guevara Gallo, Francisco | |
| 245 | 1 | 0 | |a Memoria de cálculo y construcción de un vehículo de derrape tipo kart |
| 260 | |a Managua |b UNI |c 2020 | ||
| 300 | |a 35 p. :il. | ||
| 500 | |a Contiene: anexos y CD. | ||
| 502 | |a Tesis (Ingeniero Mecánico)- UNI, 2020. | ||
| 520 | 3 | |a El objetivo de este proyecto es de diseñar y elaborar un vehículo de derrape tipo kart para presentar a la Facultad de Tecnología de la Industria de la Universidad Nacional de Ingeniería, el cual se llevará a cabo envase a los conocimientos adquiridos a lo largo de estos años. | |
| 650 | 7 | |a VEHICULOS-DISEÑO Y CONSTRUCION | |
| 650 | 7 | |b VEHICULOS DE DERRAPE | |
| 650 | 7 | |c ENSAMBLE- METODO. | |
| 700 | 1 | |a Tutor: |b Blandino, Juan | |
| 942 | |c BK |2 ddc | ||
| 991 | |a TESIS | ||
| 999 | |c 16606 | ||